Quiz du 1er avril - Départements en images - Statistiques

Statistiques générales
  • Ce quiz a été pris 484 fois
  • Le résultat moyen est 11 sur 21
Statistiques - réponses
Par images Réponse % Correct
Côte-d’Or
79%
Nord
78%
Rhône
72%
La Réunion
71%
Cantal
70%
Eure
69%
Manche
67%
Gard
61%
Yonne
59%
Creuse
56%
Somme
50%
Bouches-du-Rhône
49%
Paris
49%
Aube
48%
Aisne
42%
Deux-Sèvres
40%
Hérault
31%
Lot
31%
Cher
28%
Doubs
22%
Vienne
22%
Aucun quiz correspondant
Distribution des résultats
% des personnes avec chaque résultat
Percentile par nombre de réponses
Votre historique - résultats
Vous n’avez pas pris ce quiz